| 000 | 00532nam a2200181Ia 4500 | ||
|---|---|---|---|
| 003 | GCL | ||
| 008 | 140319s9999 xx 000 0 ara d | ||
| 040 |
_aGCL / _cGCL |
||
| 082 | 0 | 4 |
_a810.9 _bع ت |
| 100 | 1 | _aعبدالعزيز عتيق | |
| 245 | 1 | 0 |
_aتاريخ النقد الادبى عند العرب / _cعبدالعزيز عتيق |
| 300 | _a402 ص | ||
| 490 | _a | ||
| 650 | 0 | 4 | _aالادب العربى |
| 650 | 0 | 4 | _aالنقد الادبى |
| 650 | 0 | 4 | _aالادب العربى - تاريخ ونقد |
| 942 |
_2ddc _cBK |
||
| 999 |
_c46150 _d46150 |
||